Normal view
MARC view
Entry Personal Name
001 - CONTROL NUMBER
- control field: 8252
003 - CONTROL NUMBER IDENTIFIER
- control field: BD-RjUL
005 - DATE AND TIME OF LATEST TRANSACTION
- control field: 20230809110551.0
008 - FIXED-LENGTH DATA ELEMENTS
- fixed length control field: 230809|| aca||aabn | a|a d
040 ## - CATALOGING SOURCE
- Original cataloging agency: BD-RjUL
- Transcribing agency: BD-RjUL
100 ## - HEADING--PERSONAL NAME
- Personal name: বিশ্বাস, সুফল
670 ## - SOURCE DATA FOUND
- Source citation: Work cat.: (BD-RjUL)81655: বিশ্বাস, সুফল, রবীন্দ্রনাথের লোকসাহিত্য /, ২০১৮